[Event "Baia Mare Maramures op"]
[Site "Baia Mare"]
[Date "2023.08.31"]
[Round "2"]
[White "Kumar, Amrit Darius"]
[Black "Casangiu, Paul Horatiu"]
[Result "1/2-1/2"]
[WhiteElo "1502"]
[BlackElo "1919"]
[PlyCount "21"]
[EventDate "2023.08.31"]
[EventType "swiss"]
[EventRounds "9"]
[EventCountry "ROU"]
[SourceTitle "EXT 2024"]
[Source "ChessBase"]
[SourceDate "2023.10.10"]
[SourceVersion "1"]
[SourceVersionDate "2023.10.10"]
[SourceQuality "1"]

1. d4 Nf6 2. Nf3 d5 3. e3 c6 4. Bd3 Bg4 5. Nbd2 e6 6. 0-0 Bd6 7. b3 Bh5 8. c3 Bc7 9. Qc2 0-0 10. Ne5 Bxe5 11. dxe5 1/2-1/2